Water supply and building sanitation (Record no. 35929)

MARC details
000 -LEADER
fixed length control field 00277nam a2200109Ia 4500
082 ## - DEWEY DECIMAL CLASSIFICATION NUMBER
Classification number 696.11
Item number ESC
100 ## - MAIN ENTRY--AUTHOR NAME
Personal name Escritt, L B
245 #0 - TITLE STATEMENT
Title Water supply and building sanitation
260 ## - PUBLICATION, DISTRIBUTION, ETC. (IMPRINT)
Place of publication Nowich
Name of publisher Macdonald
Year of publication 1972
942 ## - ADDED ENTRY ELEMENTS (KOHA)
Koha item type Books
Holdings
Withdrawn status Lost status Damaged status Not for loan Home library Current library Date acquired Cost, normal purchase price Full call number Accession Number Koha item type
        RRII Library RRII Library 16/12/2021 6.75 696.11 ESC 16348 Books